Science Quiz

Random Science or Anatomy Quiz

Anatomy of the Vocal Mechanism Quiz Stats

 Plays Quiz not verified by Sporcle

Challenge
Share
Tweet
Score 0/7 Timer 10:00
0 Plays Today
% Correct
lips
100%
teeth
84.2%
tongue
84.2%
roof
68.4%
voice box
63.2%
roof
57.9%
vocal cords
52.6%

You're not logged in!

Compare scores with friends on all Sporcle quizzes.
Join for Free
OR
Log In

You Might Also Like...

Show Comments

Extras

Top Quizzes Today


Score Distribution

Your Account Isn't Verified!

In order to create a playlist on Sporcle, you need to verify the email address you used during registration. Go to your Sporcle Settings to finish the process.

Report this User

Report this user for behavior that violates our Community Guidelines.

Details: